Conseil de l'Arctique - Statistiques

Statistiques générales
  • Ce quiz a été pris 16 fois
  • Le résultat moyen est 15 sur 20
Statistiques - réponses
Hint Réponse % Correct
Canada
100%
Etats-Unis
100%
France
100%
Russie
94%
Allemagne
88%
Chine
88%
Espagne
88%
Danemark
81%
Finlande
81%
Islande
81%
Italie
81%
Norvège
81%
Royaume-Uni
81%
Japon
75%
Suède
75%
Inde
69%
Corée du Sud
63%
Pologne
56%
Pays-Bas
38%
Singapour
19%
Aucun quiz correspondant
Distribution des résultats
% des personnes avec chaque résultat
Percentile par nombre de réponses
Votre historique - résultats
Vous n’avez pas pris ce quiz